000 00472nam a2200133 a 4500
008 120416s1968 ||||||||||||||||| || u
050 _aZ 678.9 Kim
100 _aKimber, Richard T
245 1 0 _aAutomation in libraries
260 _aOxford
_bPergamon Press
_c1968
300 _aviii, 140p. : ill.
350 _a0.00
995 _D0.00
_FCBU-MAIN LIBRARY (Kitwe)
_H1
_I6.00
_M1
_UAVAILABLE
_ZAnnex Low-Usage Collection
999 _c35347
_d35347